[Event "Oberliga Nord O 2122"]
[Site "Germany"]
[Date "2022.04.03"]
[Round "8.4"]
[White "Wintzer, Joachim"]
[Black "Steczek, Marcin"]
[Result "1/2-1/2"]
[WhiteElo "2279"]
[BlackElo "2359"]
[PlyCount "146"]
[EventDate "2021.10.31"]
[EventType "team-tourn"]
[EventRounds "9"]
[EventCountry "GER"]
[SourceTitle "EXT 2023"]
[Source "ChessBase"]
[SourceDate "2022.10.05"]
[SourceVersion "1"]
[SourceVersionDate "2022.10.05"]
[SourceQuality "1"]
[WhiteTeam "Berlin SF III"]
[BlackTeam "Glueck Auf Ruedersdorf"]
[WhiteTeamCountry "GER"]
[BlackTeamCountry "GER"]

1. c4 Nf6 2. Nc3 e6 3. e4 d5 4. cxd5 exd5 5. e5 Ne4 6. d4 Nc6 7. Bb5 Bb4 8. Qa4 Bd7 9. Nge2 0-0 10. 0-0 Bxc3 11. bxc3 a6 12. Bxc6 Bxc6 13. Qc2 Bb5 14. Re1 Qh4 15. Be3 Bc4 16. f3 Ng5 17. Ng3 Ne6 18. Nf5 Qd8 19. Bf2 Qd7 20. Qd2 Rae8 21. Bh4 Kh8 22. g4 Rg8 23. f4 Nf8 24. Ne3 Qc6 25. f5 Nd7 26. Kf2 Bb5 27. Rg1 Nb6 28. Rae1 Nc4 29. Nxc4 Qxc4 30. f6 g6 31. Rg3 c5 32. Bg5 cxd4 33. cxd4 Rc8 34. Kg1 Qc2 35. Qf4 Rge8 36. Rg2 Qc3 37. Qf2 Rc4 38. Be3 Bd7 39. Rg3 Qc2 40. Re2 Qb1+ 41. Re1 Qe4 42. Qb2 b5 43. Bf2 Qc2 44. Qb3 Qxb3 45. axb3 Rc2 46. Ra1 Re6 47. Be1 Rec6 48. Bb4 Rc1+ 49. Rxc1 Rxc1+ 50. Kf2 Rc2+ 51. Kg1 h6 52. h3 Kg8 53. Rg2 Rc1+ 54. Kh2 g5 55. Ra2 Bc8 56. Bd2 Rc6 57. Bb4 Kh7 58. Bc5 Kg6 59. Kg3 Be6 60. Kf3 h5 61. Kg3 hxg4 62. hxg4 Rc8 63. Rxa6 Rh8 64. Rxe6 fxe6 65. b4 Rh1 66. Kg2 Rc1 67. Kg3 Rg1+ 68. Kf3 Kf7 69. Bd6 Rc1 70. Bc5 Rc3+ 71. Kf2 Rc2+ 72. Kf3 Rc3+ 73. Kf2 Rc2+ 1/2-1/2

[Event "Hybrid Match ECU-Berlin"]
[Site "Tornelo INT"]
[Date "2022.02.05"]
[Round "1.1"]
[White "Mikhalchishin, Adrian"]
[Black "Wintzer, Joachim"]
[Result "1-0"]
[WhiteElo "2455"]
[BlackElo "2279"]
[PlyCount "51"]
[EventDate "2022.02.05"]
[EventType "team-match (rapid)"]
[EventRounds "1"]
[EventCountry "GER"]
[SourceTitle "CBM 206 Extra"]
[Source "ChessBase"]
[SourceDate "2022.03.31"]
[SourceVersion "1"]
[SourceVersionDate "2022.03.31"]
[SourceQuality "1"]
[WhiteTeam "ECU"]
[BlackTeam "Berlin"]
[BlackTeamCountry "GER"]

1. d4 d5 2. c4 e6 3. Nc3 Nf6 4. Bg5 Bb4 5. e3 Nbd7 6. Nf3 c5 7. cxd5 exd5 8. Bd3 Qa5 9. Qc2 c4 10. Bf5 Bxc3+ 11. bxc3 g6 12. Bxd7+ Nxd7 13. e4 0-0 14. 0-0 f6 15. Bh6 Re8 16. Rfe1 Nb6 17. e5 Bf5 18. Qd2 Nd7 19. Qf4 fxe5 20. Nxe5 Qa6 21. g4 Nxe5 22. Rxe5 Be4 23. Rxe8+ Rxe8 24. Re1 Qc6 25. f3 Bd3 26. Re7 1-0

[Event "Oberliga Nord O 2122"]
[Site "Germany"]
[Date "2022.01.16"]
[Round "4.3"]
[White "Wintzer, Joachim"]
[Black "Skibbe, Willi"]
[Result "1/2-1/2"]
[WhiteElo "2279"]
[BlackElo "2182"]
[PlyCount "84"]
[EventDate "2021.10.31"]
[EventType "team-tourn"]
[EventRounds "9"]
[EventCountry "GER"]
[SourceTitle "EXT 2023"]
[Source "ChessBase"]
[SourceDate "2022.10.05"]
[SourceVersion "1"]
[SourceVersionDate "2022.10.05"]
[SourceQuality "1"]
[WhiteTeam "Berlin SF III"]
[BlackTeam "Greifswald"]
[WhiteTeamCountry "GER"]
[BlackTeamCountry "GER"]

1. d4 d5 2. Nf3 Nf6 3. g3 e6 4. Bg2 Be7 5. 0-0 0-0 6. b3 b5 7. c4 bxc4 8. bxc4 c6 9. Nbd2 Nbd7 10. Qc2 Ba6 11. Re1 Nb6 12. c5 Nbd7 13. Bb2 Qc7 14. Nb3 Ne4 15. Ne5 f5 16. Nd3 Rae8 17. Bc1 Bf6 18. Bf4 Qc8 19. f3 Ng5 20. Bd6 Be7 21. Ne5 Nf7 22. Bxe7 Rxe7 23. f4 Ndxe5 24. dxe5 Rb7 25. Qc3 Qc7 26. Nd4 Qd7 27. Bf3 Rfb8 28. e3 Nd8 29. g4 g6 30. Kh1 Kf7 31. Rad1 Bc4 32. gxf5 exf5 33. e4 fxe4 34. Bxe4 dxe4 35. Qxc4+ Qd5 36. Qc3 e3+ 37. Kg1 Rb2 38. Nc2 Qf3 39. Rxd8 Rxd8 40. e6+ Kg8 41. e7 Qf2+ 42. Kh1 Qf3+ 1/2-1/2

[Event "EU-Cup Online Gr-A"]
[Site "Tornelo INT"]
[Date "2021.03.27"]
[Round "2.4"]
[White "Wintzer, Joachim"]
[Black "Royal, Shreyas"]
[Result "1-0"]
[WhiteElo "2274"]
[BlackElo "2121"]
[PlyCount "93"]
[EventDate "2021.03.27"]
[EventType "team-tourn (rapid)"]
[EventRounds "9"]
[EventCountry "NET"]
[SourceTitle "CBM 201 Extra"]
[Source "ChessBase"]
[SourceDate "2021.05.31"]
[SourceVersion "1"]
[SourceVersionDate "2021.05.31"]
[SourceQuality "1"]
[WhiteTeam "Berlin SF"]
[BlackTeam "Wood Green Monarchs"]
[WhiteTeamCountry "GER"]
[BlackTeamCountry "ENG"]

1. d4 Nf6 2. c4 g6 3. Nc3 Bg7 4. e4 d6 5. Bd3 0-0 6. Nge2 e5 7. d5 a5 8. f3 Na6 9. Bg5 h6 10. Be3 Nc5 11. Bc2 Nh7 12. Qd2 f5 13. exf5 Bxf5 14. 0-0 Qh4 15. b3 Rae8 16. Ng3 e4 17. fxe4 Nxe4 18. Ngxe4 Bxe4 19. Nxe4 Bxa1 20. Rxa1 Rxe4 21. Bxe4 Qxe4 22. Bxh6 Re8 23. Rf1 a4 24. Qf2 Re7 25. h3 g5 26. Qf5 Qxf5 27. Rxf5 Re1+ 28. Kh2 Re2 29. bxa4 Rxa2 30. Bxg5 Rxa4 31. c5 Nxg5 32. Rxg5+ Kf7 33. cxd6 cxd6 34. Rf5+ Kg6 35. Rf3 Rb4 36. Re3 Kf7 37. g4 Rb5 38. Rf3+ Kg7 39. Rf5 Rb3 40. h4 b5 41. h5 Rd3 42. g5 b4 43. g6 b3 44. Rf7+ Kh8 45. h6 Rd2+ 46. Kg3 Rd3+ 47. Kf2 1-0

[Event "GER-chT Online Liga 1 GpD"]
[Site "Playchess.com INT"]
[Date "2021.03.18"]
[Round "6.3"]
[White "Wintzer, Joachim"]
[Black "Zart, Ruediger"]
[Result "1-0"]
[WhiteElo "2274"]
[BlackElo "2116"]
[PlyCount "67"]
[EventDate "2021.01.18"]
[EventType "team-tourn (rapid)"]
[EventRounds "7"]
[EventCountry "GER"]
[SourceTitle "EXT 2022"]
[Source "ChessBase"]
[SourceDate "2021.10.06"]
[SourceVersion "1"]
[SourceVersionDate "2021.10.06"]
[SourceQuality "1"]
[WhiteTeam "Berlin SF"]
[BlackTeam "Eppendorf Johanneum"]
[WhiteTeamCountry "GER"]
[BlackTeamCountry "GER"]

1. d4 Nf6 2. c4 g6 3. Nc3 d5 4. Nf3 Bg7 5. Qb3 dxc4 6. Qxc4 0-0 7. e4 a6 8. Be2 b5 9. Qb3 c5 10. dxc5 Nc6 11. 0-0 b4 12. Nd5 Nxe4 13. Qc4 Nf6 14. Nb6 Be6 15. Qh4 Ra7 16. Rd1 Qe8 17. a3 b3 18. Bh6 Bf5 19. h3 e5 20. Rac1 Bc2 21. Rd2 e4 22. Bxg7 Kxg7 23. Rd6 Ng8 24. Ne1 e3 25. Nxc2 bxc2 26. Rxc2 Re7 27. fxe3 Rxe3 28. Nd7 Rxe2 29. Rxe2 Qxe2 30. Nxf8 Qe3+ 31. Qf2 Qe4 32. Nd7 Ne5 33. Nxe5 Qxe5 34. Qd4 1-0

[Event "Oberliga Nord O 1920"]
[Site "Germany"]
[Date "2020.01.18"]
[Round "6.3"]
[White "Wintzer, Joachim"]
[Black "Van Bentum, Horst"]
[Result "1-0"]
[WhiteElo "2270"]
[BlackElo "2072"]
[PlyCount "127"]
[EventDate "2019.09.29"]
[EventType "team-tourn"]
[EventRounds "9"]
[EventCountry "GER"]
[SourceTitle "CBM 195 Extra"]
[Source "ChessBase"]
[SourceDate "2020.05.31"]
[SourceVersion "1"]
[SourceVersionDate "2020.05.31"]
[SourceQuality "1"]

1. d4 Nf6 2. c4 e6 3. Nc3 Bb4 4. Qc2 0-0 5. a3 Bxc3+ 6. Qxc3 d6 7. Bg5 h6 8. Bh4 Re8 9. Rd1 Qe7 10. Nf3 Nbd7 11. e3 e5 12. Qc2 Nf8 13. Be2 Ng6 14. Bg3 exd4 15. Nxd4 Ne4 16. 0-0 Nxg3 17. hxg3 a6 18. Rd2 Qg5 19. Rfd1 Bg4 20. Bxg4 Qxg4 21. Ne2 Qe4 22. Qb3 Re5 23. Rd5 b6 24. Nc3 Qg4 25. R5d4 Qd7 26. Nd5 Ree8 27. Qc3 Ne5 28. b3 Re6 29. a4 a5 30. Nf4 Ree8 31. Rd5 Qg4 32. Qc2 h5 33. Ne2 Nc6 34. Qd2 h4 35. f3 Qe6 36. e4 hxg3 37. Nxg3 Ne5 38. Kf2 f6 39. Qe2 Ng6 40. Qe3 Kf7 41. Rh5 Rh8 42. Rdh1 Rxh5 43. Rxh5 Rh8 44. Rxh8 Nxh8 45. f4 Qg4 46. Qf3 Qxf3+ 47. Kxf3 Ng6 48. Nf5 Nf8 49. Nd4 Ne6 50. Nxe6 Kxe6 51. Kg4 g6 52. Kf3 c6 53. Ke3 d5 54. f5+ gxf5 55. cxd5+ cxd5 56. exd5+ Kxd5 57. Kf4 Ke6 58. g3 Kf7 59. Kxf5 Ke7 60. Kg6 Ke6 61. Kg7 f5 62. Kg6 Ke5 63. Kf7 Kd5 64. Kf6 1-0

[Event "Oberliga Nord O 1920"]
[Site "Germany"]
[Date "2019.11.24"]
[Round "3.3"]
[White "Wintzer, Joachim"]
[Black "Venske, Kai Gerrit"]
[Result "1-0"]
[WhiteElo "2273"]
[BlackElo "2175"]
[PlyCount "68"]
[EventDate "2019.09.29"]
[EventType "team-tourn"]
[EventRounds "9"]
[EventCountry "GER"]
[SourceTitle "CBM 195 Extra"]
[Source "ChessBase"]
[SourceDate "2020.05.31"]
[SourceVersion "1"]
[SourceVersionDate "2020.05.31"]
[SourceQuality "1"]

1. Nf3 d6 2. e4 Nf6 3. Nc3 c5 4. e5 dxe5 5. Nxe5 Nbd7 6. Nc4 g6 7. g3 Bg7 8. Bg2 0-0 9. 0-0 Nb6 10. Ne3 e6 11. Qf3 Qc7 12. a4 Rd8 13. d3 Nbd5 14. Bd2 a6 15. a5 Nb4 16. Rfc1 Nfd5 17. Ncxd5 Nxd5 18. Nxd5 Rxd5 19. Bc3 Bxc3 20. bxc3 Kg7 21. c4 Rd4 22. Qe3 Rd8 23. Rcb1 Rb8 24. Rb6 h6 25. Rab1 e5 26. Bd5 Re8 27. Qf3 f5 28. Bxb7 e4 29. Bxe4 Bd7 30. Bd5 g5 31. Rb7 Rxb7 32. Rxb7 Qd6 33. Qh5 Re7 34. Rb6 Re1+ 1-0

[Event "Oberliga Nord O 1819"]
[Site "Germany"]
[Date "2019.03.24"]
[Round "8.1"]
[White "Moeller, Hendrik"]
[Black "Wintzer, Joachim"]
[Result "1-0"]
[WhiteElo "2256"]
[BlackElo "2266"]
[PlyCount "121"]
[EventDate "2018.10.21"]
[EventType "team-tourn"]
[EventRounds "9"]
[EventCountry "GER"]
[SourceTitle "EXT 2020"]
[Source "ChessBase"]
[SourceDate "2019.10.17"]
[SourceVersion "1"]
[SourceVersionDate "2019.10.17"]
[SourceQuality "1"]
[WhiteTeam "Berlin Weisse Dame"]
[BlackTeam "Berlin SF III"]
[WhiteTeamCountry "GER"]
[BlackTeamCountry "GER"]

1. c4 e5 2. g3 c6 3. d4 e4 4. Nc3 d5 5. Bg2 Nf6 6. Bg5 Bb4 7. Rc1 Nbd7 8. cxd5 cxd5 9. Nh3 h6 10. Bxf6 Bxc3+ 11. Rxc3 Nxf6 12. 0-0 0-0 13. Qb3 b6 14. Rfc1 Ba6 15. Bf1 Qd7 16. Nf4 g5 17. Ng2 Rfc8 18. Qa3 Rxc3 19. Rxc3 Bb5 20. Ne3 Rd8 21. b3 Kh7 22. Qc1 Qe6 23. a4 Bd7 24. Rc7 a5 25. f3 Ne8 26. Rc3 Nd6 27. Bg2 Re8 28. Qc2 Kg7 29. fxe4 dxe4 30. g4 h5 31. gxh5 Qf6 32. Qd2 Qf4 33. Nc4 Qxd2 34. Nxd2 f5 35. Rc7 Re7 36. e3 Kf6 37. Bf1 Be8 38. Rxe7 Kxe7 39. h6 Kf6 40. Bc4 Kg6 41. Kf2 Kxh6 42. Kg3 Bh5 43. Be6 Kg6 44. Nc4 Nxc4 45. bxc4 Kf6 46. Bd7 Bf7 47. Bb5 Bh5 48. h4 gxh4+ 49. Kxh4 Bg4 50. Kg3 Ke6 51. Kf4 Kd6 52. Be8 Ke7 53. Bc6 Bh3 54. Ke5 Bg4 55. Bb5 Kd8 56. Kd6 f4 57. exf4 e3 58. c5 bxc5 59. dxc5 e2 60. c6 e1Q 61. c7+ 1-0

[Event "Oberliga Nord O 1415"]
[Site "Germany"]
[Date "2014.11.09"]
[Round "3.3"]
[White "Stiemerling, Wilfried"]
[Black "Wintzer, Joachim"]
[Result "1/2-1/2"]
[WhiteElo "2134"]
[BlackElo "2274"]
[PlyCount "84"]
[EventDate "2014.09.21"]
[EventType "team-tourn"]
[EventRounds "9"]
[EventCountry "GER"]
[SourceTitle "EXT 2016"]
[Source "ChessBase"]
[SourceDate "2015.10.08"]
[SourceVersion "1"]
[SourceVersionDate "2015.10.08"]
[SourceQuality "1"]
[WhiteTeam "Fuerstenwalde"]
[BlackTeam "Berlin SF III"]
[WhiteTeamCountry "GER"]
[BlackTeamCountry "GER"]

1. d4 d5 2. c4 e6 3. Nc3 c6 4. e3 Nf6 5. Nf3 Nbd7 6. a3 Bd6 7. b4 a5 8. b5 c5 9. cxd5 exd5 10. dxc5 Nxc5 11. Be2 0-0 12. 0-0 Be6 13. a4 Rc8 14. Bb2 Bb8 15. Rc1 Re8 16. Nd4 Qd6 17. g3 Bh3 18. Re1 Nce4 19. Nxe4 dxe4 20. Nb3 Rxc1 21. Bxc1 b6 22. Qxd6 Bxd6 23. Bb2 Rc8 24. Nd4 Be5 25. Rd1 Kh8 26. Ba3 Rd8 27. Nc6 Rxd1+ 28. Bxd1 Nd7 29. Bc2 Bf5 30. f4 Bf6 31. Kg2 h5 32. h3 g6 33. Bd6 Kg7 34. Ne7 Bxe7 35. Bxe7 f6 36. Bb3 Nf8 37. Bd8 Nd7 38. Bc7 Nc5 39. Bd1 Nd7 40. g4 hxg4 41. hxg4 Be6 42. Kg3 Kf7 1/2-1/2

[Event "BL2-Nord 1314"]
[Site "Germany"]
[Date "2013.12.15"]
[Round "4.6"]
[White "Michna, Christian"]
[Black "Wintzer, Joachim"]
[Result "1-0"]
[WhiteElo "2290"]
[BlackElo "2287"]
[PlyCount "85"]
[EventDate "2013.10.13"]
[EventType "team-tourn"]
[EventRounds "9"]
[EventCountry "GER"]
[SourceTitle "EXT 2015"]
[Source "ChessBase"]
[SourceDate "2014.11.20"]
[SourceVersion "1"]
[SourceVersionDate "2014.11.20"]
[SourceQuality "1"]
[WhiteTeam "Norderstedt"]
[BlackTeam "Berlin SF II"]
[WhiteTeamCountry "GER"]
[BlackTeamCountry "GER"]

1. e4 e6 2. d4 d5 3. Nc3 Bb4 4. exd5 exd5 5. Bd3 Nc6 6. a3 Bxc3+ 7. bxc3 Nge7 8. Qh5 Be6 9. Rb1 Qc8 10. Ne2 Bf5 11. Nf4 Bg6 12. Qf3 b6 13. Nxd5 Qe6+ 14. Ne3 Qa2 15. Rb5 a6 16. Rg5 Qa1 17. Kd2 Rd8 18. Re1 0-0 19. h4 Rd6 20. Nc4 Re6 21. Ne5 h6 22. Rg3 Rf6 23. Nxc6 Nxc6 24. Qxf6 gxf6 25. h5 Kg7 26. hxg6 fxg6 27. Bxg6 f5 28. Be8+ Kh7 29. Bxc6 Rf7 30. Bd5 Rg7 31. Rxg7+ Kxg7 32. Re7+ Kf6 33. Rxc7 Qb1 34. Bb3 a5 35. Rc6+ Ke7 36. a4 h5 37. Rxb6 h4 38. Rh6 Qa1 39. Rxh4 Kf6 40. Rh6+ Kg5 41. Re6 f4 42. d5 f3 43. gxf3 1-0

[Event "Oberliga Nord O 1213"]
[Site "Germany"]
[Date "2013.02.03"]
[Round "6.3"]
[White "Wintzer, Joachim"]
[Black "Berebora, Ferenc"]
[Result "1/2-1/2"]
[WhiteElo "2301"]
[BlackElo "2427"]
[PlyCount "46"]
[EventDate "2012.10.17"]
[EventType "team-tourn"]
[EventRounds "9"]
[EventCountry "GER"]
[SourceTitle "EXT 2015"]
[Source "ChessBase"]
[SourceDate "2014.11.20"]
[SourceVersion "1"]
[SourceVersionDate "2014.11.20"]
[SourceQuality "1"]
[WhiteTeam "Berlin SF"]
[BlackTeam "Neuruppin"]
[WhiteTeamCountry "GER"]
[BlackTeamCountry "GER"]

1. Nf3 Nf6 2. c4 g6 3. Nc3 Bg7 4. g3 d5 5. cxd5 Nxd5 6. Bg2 Nc6 7. 0-0 0-0 8. Nxd5 Qxd5 9. d3 Qh5 10. Rb1 a5 11. Bd2 Bh3 12. Bxh3 Qxh3 13. Bc3 e5 14. Qa4 Qd7 15. Rfc1 Rfd8 16. Qc4 Qd5 17. Bd2 Rac8 18. a3 f5 19. Be3 Nd4 20. Bxd4 exd4 21. b4 axb4 22. Rxb4 Qxc4 23. Rcxc4 b6 1/2-1/2

[Event "EU-ch rapid"]
[Site "Warsaw"]
[Date "2011.12.17"]
[Round "3"]
[White "Azarov, Sergei Nikolaevich"]
[Black "Wintzer, Joachim"]
[Result "1-0"]
[WhiteElo "2667"]
[BlackElo "2324"]
[PlyCount "39"]
[EventDate "2011.12.17"]
[EventType "swiss (rapid)"]
[EventRounds "13"]
[EventCountry "POL"]
[SourceTitle "CBM 145 Extra"]
[Source "ChessBase"]
[SourceDate "2012.01.03"]
[SourceVersion "1"]
[SourceVersionDate "2012.01.03"]
[SourceQuality "1"]

1. e4 e6 2. d4 d5 3. Nd2 Nf6 4. e5 Nfd7 5. Bd3 c5 6. c3 Nc6 7. Ne2 cxd4 8. cxd4 Nb6 9. 0-0 Bd7 10. Nf3 Be7 11. a3 a5 12. Ng3 a4 13. Bf4 Na5 14. Nh5 g6 15. Nf6+ Bxf6 16. exf6 Nbc4 17. Bxc4 Nxc4 18. Be5 Qb6 19. Nd2 Bb5 20. Re1 1-0

[Event "EU-Cup 27th"]
[Site "Rogaska Slatina"]
[Date "2011.09.28"]
[Round "4"]
[White "Podolchenko, Evgeniy"]
[Black "Wintzer, Joachim"]
[Result "1-0"]
[WhiteElo "2474"]
[BlackElo "2332"]
[PlyCount "133"]
[EventDate "2011.09.25"]
[EventType "team-swiss"]
[EventRounds "7"]
[EventCountry "SLO"]
[SourceTitle "CBM 145"]
[Source "ChessBase"]
[SourceDate "2011.11.11"]
[SourceVersion "1"]
[SourceVersionDate "2011.11.11"]
[SourceQuality "1"]
[WhiteTeam "Vesnianka Gran"]
[BlackTeam "Berlin SF"]
[WhiteTeamCountry "BLR"]
[BlackTeamCountry "GER"]

1. d4 e6 2. c4 Nf6 3. Nc3 Bb4 4. Qc2 0-0 5. a3 Bxc3+ 6. Qxc3 Ne4 7. Qc2 f5 8. Nh3 Nc6 9. e3 e5 10. dxe5 Nxe5 11. f3 Nf6 12. Be2 d6 13. b3 Qe7 14. 0-0 Bd7 15. Bd2 Rfe8 16. Rfe1 Rad8 17. Nf4 c6 18. Rad1 Bc8 19. Kh1 Kh8 20. Bc3 Ng6 21. Bd3 Nh4 22. Qf2 Ng6 23. Nxg6+ hxg6 24. e4 fxe4 25. Bxe4 Qf7 26. Qxa7 Nxe4 27. fxe4 Bg4 28. Rf1 Qe7 29. Rde1 Rf8 30. Rxf8+ Rxf8 31. Qe3 Kh7 32. Qg3 Bc8 33. h3 Re8 34. Kh2 b6 35. a4 Qe6 36. Rd1 Bb7 37. Rxd6 Qxe4 38. Rd4 Qe6 39. Rh4+ Kg8 40. Rg4 Kh7 41. Qc7 Re7 42. Qxb6 Qd6+ 43. Rg3 Rd7 44. Qe3 c5 45. Be5 Qc6 46. Qg5 Rf7 47. Rg4 Rd7 48. Qh4+ Kg8 49. Qg3 Kh7 50. h4 Rd2 51. h5 Qe6 52. Qf4 Re2 53. hxg6+ Kg8 54. Bd6 Qe8 55. Bxc5 Re4 56. Qf7+ Qxf7 57. gxf7+ Kxf7 58. Rg3 Re2 59. a5 g6 60. Bd4 Rc2 61. Bc3 g5 62. b4 g4 63. b5 Ke6 64. a6 Bf3 65. b6 Rxc3 66. gxf3 gxf3 67. Rg1 1-0

[Event "EU-Cup 27th"]
[Site "Rogaska Slatina"]
[Date "2011.09.26"]
[Round "2"]
[White "Arnaudov, Petar G"]
[Black "Wintzer, Joachim"]
[Result "1/2-1/2"]
[WhiteElo "2484"]
[BlackElo "2332"]
[PlyCount "115"]
[EventDate "2011.09.25"]
[EventType "team-swiss"]
[EventRounds "7"]
[EventCountry "SLO"]
[SourceTitle "CBM 145"]
[Source "ChessBase"]
[SourceDate "2011.11.11"]
[SourceVersion "1"]
[SourceVersionDate "2011.11.11"]
[SourceQuality "1"]
[WhiteTeam "Gambit Asseco See"]
[BlackTeam "Berlin SF"]
[WhiteTeamCountry "MKD"]
[BlackTeamCountry "GER"]

1. Nf3 c5 2. c4 Nc6 3. d4 cxd4 4. Nxd4 Qb6 5. Nb3 e6 6. Nc3 Nf6 7. a3 d5 8. cxd5 Nxd5 9. g3 Nxc3 10. bxc3 Na5 11. Nxa5 Qxa5 12. Bg2 Bc5 13. 0-0 0-0 14. Bf4 e5 15. Bxe5 Bxf2+ 16. Rxf2 Qxe5 17. Qd4 Qe7 18. Qb4 Qc7 19. Rd1 Be6 20. Qxb7 Rac8 21. Qxc7 Rxc7 22. Rd3 Rfc8 23. Bd5 Bxd5 24. Rxd5 f6 25. Ra5 Re7 26. Kf1 Rxc3 27. Rf3 Rc2 28. Rf2 h6 29. g4 Rc4 30. h3 Rce4 31. Raf5 Re3 32. R5f3 Kf7 33. Ke1 R3e4 34. Rd3 Kg6 35. Kd2 Rb7 36. Kc2 Rbe7 37. Kd2 Rc7 38. Rff3 Rb7 39. Rfe3 Rb2+ 40. Ke1 Rxe3 41. Rxe3 Rb5 42. Kf2 h5 43. gxh5+ Rxh5 44. Kg3 Ra5 45. Rc3 Ra4 46. e3 Kh6 47. Kf3 g6 48. Rd3 f5 49. Rc3 Kh5 50. Kg3 Re4 51. Kf2 Kg5 52. Rd3 Ra4 53. Rb3 Kh5 54. Rc3 Ra5 55. Rd3 g5 56. Rc3 Re5 57. Kf3 Ra5 58. Kg3 1/2-1/2

[Event "GER CupT final"]
[Site "Baden-Baden"]
[Date "2011.05.20"]
[Round "1"]
[White "Van Wely, Loek"]
[Black "Wintzer, Joachim"]
[Result "1-0"]
[WhiteElo "2675"]
[BlackElo "2331"]
[PlyCount "61"]
[EventDate "2011.05.20"]
[EventType "team-k.o."]
[EventRounds "2"]
[EventCountry "GER"]
[SourceTitle "CBM 142 Extra"]
[Source "ChessBase"]
[SourceDate "2011.06.27"]
[SourceVersion "1"]
[SourceVersionDate "2011.06.27"]
[SourceQuality "1"]
[WhiteTeam "Koeln Porz"]
[BlackTeam "Berlin SF"]
[WhiteTeamCountry "GER"]
[BlackTeamCountry "GER"]

1. d4 e6 2. c4 f5 3. g3 Nf6 4. Bg2 d5 5. Nf3 c6 6. 0-0 Bd6 7. b3 Qe7 8. Ne5 Nbd7 9. Bb2 0-0 10. e3 a5 11. Qc2 Ne4 12. f3 Ng5 13. Re1 Bb4 14. Nc3 a4 15. Nd3 axb3 16. axb3 Rxa1 17. Bxa1 b6 18. Nxb4 Qxb4 19. Rb1 Bb7 20. Ne2 Qd6 21. Qc3 Ra8 22. Nf4 Nf7 23. e4 g5 24. Nh5 Rf8 25. Re1 h6 26. g4 Nd8 27. b4 fxe4 28. fxe4 Ba6 29. c5 Qb8 30. exd5 exd5 31. Qc2 1-0

[Event "BL2-Nord 1011"]
[Site "Germany"]
[Date "2011.02.06"]
[Round "6.3"]
[White "Wintzer, Joachim"]
[Black "Reichmann, Hendrik"]
[Result "0-1"]
[WhiteElo "2337"]
[BlackElo "2333"]
[PlyCount "78"]
[EventDate "2010.10.10"]
[EventType "team-tourn"]
[EventRounds "9"]
[EventCountry "GER"]
[SourceTitle "EXT 2012"]
[Source "ChessBase"]
[SourceDate "2011.11.24"]
[SourceVersion "1"]
[SourceVersionDate "2011.11.24"]
[SourceQuality "1"]
[WhiteTeam "Berlin 1903 II"]
[BlackTeam "Neukloster"]
[WhiteTeamCountry "GER"]
[BlackTeamCountry "GER"]

1. c4 g6 2. g3 Bg7 3. Bg2 Nf6 4. Nc3 0-0 5. d3 c5 6. e4 Nc6 7. Nge2 d6 8. 0-0 Ne8 9. Be3 Nd4 10. Rb1 Nc7 11. b4 b6 12. Qd2 h5 13. Bh6 e5 14. Nxd4 cxd4 15. Ne2 Bg4 16. f3 Bd7 17. Bxg7 Kxg7 18. f4 f6 19. h4 Bg4 20. Rf2 Rc8 21. a4 Qd7 22. Ra1 a5 23. b5 Ne6 24. Kh2 Nc5 25. Ng1 Nb3 26. Qb2 Nxa1 27. Qxa1 Qc7 28. f5 g5 29. Qc1 gxh4 30. gxh4 Rh8 31. Nf3 Rcg8 32. Ne1 Kf8 33. Ra2 Qg7 34. Kh1 Bh3 35. Qd2 Qg3 36. Qf2 Bxg2+ 37. Nxg2 Qh3+ 38. Kg1 Rxg2+ 39. Qxg2 Rg8 0-1

[Event "BL2-Nord 1011"]
[Site "Germany"]
[Date "2011.01.16"]
[Round "5.3"]
[White "Bracker, Frank"]
[Black "Wintzer, Joachim"]
[Result "1-0"]
[WhiteElo "2313"]
[BlackElo "2337"]
[PlyCount "121"]
[EventDate "2010.10.10"]
[EventType "team-tourn"]
[EventRounds "9"]
[EventCountry "GER"]
[SourceTitle "EXT 2012"]
[Source "ChessBase"]
[SourceDate "2011.11.24"]
[SourceVersion "1"]
[SourceVersionDate "2011.11.24"]
[SourceQuality "1"]
[WhiteTeam "Hamburger SK II"]
[BlackTeam "Berlin 1903 II"]
[WhiteTeamCountry "GER"]
[BlackTeamCountry "GER"]

1. e4 e6 2. d4 d5 3. Nc3 Bb4 4. e5 Ne7 5. a3 Bxc3+ 6. bxc3 b6 7. Nh3 Ng6 8. a4 Ba6 9. Bxa6 Nxa6 10. Qd3 Nb8 11. 0-0 Nc6 12. Ba3 Qd7 13. c4 Na5 14. cxd5 Qxd5 15. f4 Nh4 16. Rf2 h6 17. c3 Nc4 18. f5 g5 19. fxg6 Nxg6 20. Qe2 0-0-0 21. Rxf7 Rdg8 22. Be7 Ncxe5 23. dxe5 Nxe7 24. Nf4 Qc5+ 25. Qf2 Qxf2+ 26. Kxf2 Rf8 27. Rxf8+ Rxf8 28. Ke3 Rf5 29. Ke4 Nc6 30. Nd3 h5 31. g3 Kd7 32. Rg1 a6 33. h3 Ke7 34. g4 hxg4 35. hxg4 Rf7 36. Nf4 Rg7 37. g5 Rg8 38. g6 Nd8 39. Rh1 Kf8 40. Rh7 Rg7 41. Rh8+ Rg8 42. Rh6 a5 43. Nh5 Nb7 44. Nf6 Nc5+ 45. Kd4 Nxa4 46. Nxg8 Kxg8 47. Rh7 c6 48. Rc7 c5+ 49. Kc4 Nb2+ 50. Kb5 Nd3 51. Kxb6 Nxe5 52. g7 Nf7 53. Kxa5 Kxg7 54. Kb5 Kf6 55. Kxc5 Ng5 56. c4 Ke5 57. Rd7 Ne4+ 58. Kb6 Nf6 59. Rd8 Ke4 60. c5 Nd5+ 61. Rxd5 1-0

[Event "BL2-Nord 1011"]
[Site "Germany"]
[Date "2010.12.12"]
[Round "4.3"]
[White "Wintzer, Joachim"]
[Black "Joachim, Sven"]
[Result "1/2-1/2"]
[WhiteElo "2337"]
[BlackElo "2458"]
[PlyCount "48"]
[EventDate "2010.10.10"]
[EventType "team-tourn"]
[EventRounds "9"]
[EventCountry "GER"]
[SourceTitle "EXT 2012"]
[Source "ChessBase"]
[SourceDate "2011.11.24"]
[SourceVersion "1"]
[SourceVersionDate "2011.11.24"]
[SourceQuality "1"]
[WhiteTeam "Berlin 1903 II"]
[BlackTeam "Werder Bremen II"]
[WhiteTeamCountry "GER"]
[BlackTeamCountry "GER"]

1. d4 Nf6 2. c4 g6 3. Nc3 d5 4. Bf4 Bg7 5. Rc1 0-0 6. e3 c6 7. Nf3 Bg4 8. Bd3 dxc4 9. Bxc4 Nbd7 10. h3 Bxf3 11. Qxf3 Qa5 12. 0-0 e5 13. dxe5 Nxe5 14. Qe2 Nxc4 15. Qxc4 Rfd8 16. Rfd1 Rxd1+ 17. Rxd1 Rd8 18. Qb3 Rxd1+ 19. Qxd1 Nd5 20. Nxd5 Qxd5 21. Qxd5 cxd5 22. b3 Kf8 23. Kf1 Ke7 24. Ke2 h5 1/2-1/2